Stereochmistry Conformation and Mechanism (Record no. 9223)

MARC details
000 -LEADER
fixed length control field 00383nam a22001577a 4500
003 - CONTROL NUMBER IDENTIFIER
control field OSt
008 - FIXED-LENGTH DATA ELEMENTS--GENERAL INFORMATION
fixed length control field 201119b ||||| |||| 00| 0 eng d
020 ## - INTERNATIONAL STANDARD BOOK NUMBER
International Standard Book Number 9789387788329
100 ## - MAIN ENTRY--PERSONAL NAME
Personal name Kalsi, P.S
245 ## - TITLE STATEMENT
Title Stereochmistry Conformation and Mechanism
250 ## - EDITION STATEMENT
Edition statement 10th Ed..
260 ## - PUBLICATION, DISTRIBUTION, ETC. (IMPRINT)
Place of publication, distribution, etc New Delhi
Name of publisher, distributor, etc New Age
Date of publication, distribution, etc 2020
300 ## - PHYSICAL DESCRIPTION
Extent 658
650 ## - SUBJECT ADDED ENTRY--TOPICAL TERM
Topical term or geographic name as entry element B.Sc. Non Medical
942 ## - ADDED ENTRY ELEMENTS (KOHA)
Source of classification or shelving scheme Dewey Decimal Classification
Koha item type Text Books
Holdings
Withdrawn status Lost status Source of classification or shelving scheme Damaged status Not for loan Collection code Home library Current library Date acquired Source of acquisition Currency Cost, normal purchase price Bill Number Total Checkouts Acc. no. / Barcode Date last seen Actual Cost, discounted price Bill Date Koha item type
    Dewey Decimal Classification     B.Sc Non Medical PIET NCR College Library PIET NCR College Library 19/11/2020 Kirti Prakashan Indian Rup 475.00 IN360   N328 19/11/2020 332.50 26/08/2020 Reference Books

Design & Developed by: PIET Central Library
R70 Miles Stone Pattikalyana Samalkha Panipat 132102
mail ID :- [email protected], Phone No:- 0180-2569700 Ex.216